000
00330nam a22001457a 4500
008
221205b ||||| |||| 00| 0 eng d
020
_a
9781260042009
041
_a
eng
080
_2
TENTH EDITION
_a
004
082
_a
004BLU
100
_a
19
101
_a
SHKP
245
_a
ELEMENTARY STATISTICS
_c
BLUMAN G A
942
_2
udc
_c
BK
999
_c
59104
_d
59104